00214nam a2200085Ia 4500008004100000041000800041100001700049245002800066260003400094231212s1974 xx 000 0 und d aeng aMileaf Harry aBasic Electronics Vol 6 aNew DelhibD.B.Tarapurc1974